Audiovizuálny súmrak Alebo úsvit nad Európou?

Bibliographic Details
Main Author: Stadtrucker, Ivan, 1935-2017 (Author)
Format: Article
Language:Slovak
PhysicalDescription:Obr. 2.
Subjects:

MARC

LEADER 00000nab a2200000 a 4500
001 vtls000352345
003 SK-MaSNL
005 20260304214110.0
008 140422c1989 xo 0 slo
015 |a SNBRB19rr/mm-uuuuu 
035 |a CL0352467 
040 |a SNKBUCL  |b slo  |c SNKBUCL  |e AACR2 
041 0 |a slo 
044 |a xo  |c SK 
080 |a 7.097+791.43/.45:061.3  |2 1981 
080 |a 791.43/.45  |2 1981 
080 |a 061.3  |2 1981 
100 1 |a Stadtrucker, Ivan,  |d 1935-2017  |4 aut  |9 14473 
245 1 0 |a Audiovizuálny súmrak  |b Alebo úsvit nad Európou?  |c Ivan Stadtrucker 
300 |b Obr. 2. 
650 0 7 |a audiovizuálie  |2 snkbucl  |9 98069 
650 0 7 |a masmédiá  |2 snkbucl  |9 1418 
655 7 |a články z novín a časopisov  |2 snkbucl  |9 267496 
773 0 |t Literárny týždenník  |g Roč. 2, č. 7 (1989), s. 10 
850 |a Slovenská národná knižnica v Martine  |a MTA001 
852 |a SNK  |b KIS3GCP 
958 |a RK 
999 |c 3139451  |d 3141381